00394nam a2200109Ia 4500008004100000100002400041245008500065260003900150300001200189650001500201856006800216160712s9999 xx 000 0 und d aSupangco, Vivien T. cVivien T. SupangcoaTo Leave or to Stay in the Current Organization After an MBA c2014bPhilippine Management Review avol. 21 xMANAGEMENT uhttp://journals.upd.edu.ph/index.php/pmr/issue/view/420/showToc